| 000 | 00570nam a2200169Ia 4500 | ||
|---|---|---|---|
| 008 | 090122s9999 xx 000 0 und d | ||
| 082 |
_b2072 _a891.4681 |
||
| 100 |
_aबाबर _bसरोजीनी _cडॉ. |
||
| 245 | _aतीर्थांचे सागर | ||
| 260 |
_bमहाराष्ट्र लोकसाहीत्य समिती _c1967 |
||
| 300 | _a468 | ||
| 600 | _aबाबर | ||
| 630 | _aतीर्थांचे सागर | ||
| 700 | _aबाबर | ||
| 730 | _aतीर्थांचे सागर | ||
| 942 | _cBOOK | ||
| 999 |
_c26150 _d26150 |
||